Catalog

Record Details

Catalog Search



DC super hero girls. Hits and myths / written by ... Read More

Fontana, Shea,(author.).
Labat, Yancey C.,(artist.). Kubina, Monica,(colorist.). ... Read More

Available copies

  • 2 of 2 copies available at LARL/NWRL Consortium.
  • 2 of 2 copies available at Lake Agassiz Regional Library. (Show)

Current holds

0 current holds with 2 total copies.

Show Only Available Copies
Location Call Number / Copy Notes Barcode Shelving Location Status Due Date
Crookston Public Library J G FON (Text) 33500013389325 Main Available -
Moorhead Public Library J G FON (Text) 33500013389317 Main Available -

Record details

  • ISBN: 9781515874331
  • ISBN: 1515874338
  • Physical Description: 125 pages : chiefly color illustrations ; 24 cm.
  • Publisher: North Mankato, MN : Stone Arch Books, a Capstone imprint, [2020]

Content descriptions

General Note:
"Supergirl based on characters created by Jerry Siegel and Joe Shuster. By special arrangement with ... Read More
"Originally published in the US in DC SUPERHERO GIRLS: HITS AND MYTHS. Copyright ©2016 DC ... Read More
Formatted Contents Note:
Roll call -- The journey -- The cyclops -- The ... Read More
Summary, etc.:
"Intro to Epics" is one of Wonder Woman's favorite ... Read More
Target Audience Note:
Grades 2-3 Stone Arch Books.
Grades 2-6 Stone Arch Books.
Subject: DC super hero girls > Comic books, strips, etc.
Wonder Woman (Fictitious character) > Comic books, strips, etc.
Batgirl (Fictitious character) > Comic books, strips, etc.
Poison Ivy (Fictitious character) > Comic books, strips, etc.
Harley Quinn (Fictitious character) > Comic books, strips, etc.
Bumblebee (Fictitious character) > Comic books, strips, etc.
Supergirl (Fictitious character) > Comic books, strips, etc.
Superheroes > Comic books, strips, etc.
Women superheroes > Comic books, strips, etc.
High schools > Comic books, strips, etc.
High school girls > Comic books, strips, etc.
Cyclops > Comic books, strips, etc.
Witches > Comic books, strips, etc.
Sirens (Mythology) > Comic books, strips, etc.
Batgirl (Fictitious character)
Harley Quinn (Fictitious character)
Poison Ivy (Fictitious character)
Supergirl (Fictitious character)
Wonder Woman (Fictitious character)
Cyclops
High school girls
High schools
Sirens (Mythology)
Superheroes
Witches
Women superheroes
Genre: Action and adventure comics
Comic books, strips, etc.
Graphic novels
Superhero comics
Graphic novels.
Superhero comics.
Action and adventure comics.
LDR 04508cam a2200841Ii 4500
001365708
003LARL_NWRL_CONSORTIUM
00520210430140540.0
008200131t20202020mnua j 6 000 0 eng d
040 . ‡aYDX ‡beng ‡erda ‡cYDX ‡dBDX ‡dOCLCQ ‡dDMM ‡dOCLCF
020 . ‡a9781515874331 ‡q(library binding)
020 . ‡a1515874338 ‡q(library binding)
035 . ‡a(OCoLC)1137745821
08204. ‡a741.5/973 ‡223
1001 . ‡aFontana, Shea, ‡eauthor. ‡0(LARL_NWRL_CONSORTIUM)222407
24510. ‡aDC super hero girls. ‡pHits and myths / ‡cwritten by Shea Fontana ; art by Yancey Labat ; colors by Monica Kubina ; lettering by Janice Chiang.
2463 . ‡aDC superhero girls. ‡pHits and myths
24630. ‡aHits and myths
264 1. ‡aNorth Mankato, MN : ‡bStone Arch Books, a Capstone imprint, ‡c[2020]
264 4. ‡c©2020
300 . ‡a125 pages : ‡bchiefly color illustrations ; ‡c24 cm.
336 . ‡atext ‡btxt ‡2rdacontent
336 . ‡astill image ‡bsti ‡2rdacontent
337 . ‡aunmediated ‡bn ‡2rdamedia
338 . ‡avolume ‡bnc ‡2rdacarrier
4900 . ‡aDC Super Hero Girls graphic novel ; ‡v2
500 . ‡a"Supergirl based on characters created by Jerry Siegel and Joe Shuster. By special arrangement with the Jerry Siegel family"--Title page.
500 . ‡a"Originally published in the US in DC SUPERHERO GIRLS: HITS AND MYTHS. Copyright ©2016 DC Comics"--Title page verso.
5050 . ‡aRoll call -- The journey -- The cyclops -- The witch -- The sirens -- The underworld -- The return home.
520 . ‡a"Intro to Epics" is one of Wonder Woman's favorite classes at DC Super Hero High, but balancing high school literature assignments with learning to be a superhero can be tough, even for an overachiever. But you know what they say about learning--experience is the best teacher! So when Wonder Woman, Batgirl, Supergirl, Bumblebee, Poison Ivy, Katana, and Harley Quinn fight a cyclops, a witch, and a bevy of sirens, they're sure to learn a thing or two about The Odyssey--if they survive their epic battle in the underworld!
5210 . ‡aGrades 2-3 ‡bStone Arch Books.
5212 . ‡aGrades 2-6 ‡bStone Arch Books.
63000. ‡aDC super hero girls ‡vComic books, strips, etc.
60000. ‡aWonder Woman ‡c(Fictitious character) ‡vComic books, strips, etc.
60000. ‡aBatgirl ‡c(Fictitious character) ‡vComic books, strips, etc.
60000. ‡aPoison Ivy ‡c(Fictitious character) ‡vComic books, strips, etc.
60000. ‡aHarley Quinn ‡c(Fictitious character) ‡vComic books, strips, etc.
60000. ‡aBumblebee ‡c(Fictitious character) ‡vComic books, strips, etc.
60000. ‡aSupergirl ‡c(Fictitious character) ‡vComic books, strips, etc.
650 0. ‡aSuperheroes ‡vComic books, strips, etc.
650 0. ‡aWomen superheroes ‡vComic books, strips, etc.
650 0. ‡aHigh schools ‡vComic books, strips, etc.
650 0. ‡aHigh school girls ‡vComic books, strips, etc.
650 0. ‡aCyclops ‡vComic books, strips, etc.
650 0. ‡aWitches ‡vComic books, strips, etc.
650 0. ‡aSirens (Mythology) ‡vComic books, strips, etc.
60007. ‡aBatgirl ‡c(Fictitious character) ‡2fast
60007. ‡aHarley Quinn ‡c(Fictitious character) ‡2fast
60017. ‡aPoison Ivy ‡c(Fictitious character) ‡2fast
60007. ‡aSupergirl ‡c(Fictitious character) ‡2fast
60007. ‡aWonder Woman ‡c(Fictitious character) ‡2fast
650 7. ‡aCyclops ‡2fast
650 7. ‡aHigh school girls ‡2fast ‡0(LARL_NWRL_CONSORTIUM)170175
650 7. ‡aHigh schools ‡2fast ‡0(LARL_NWRL_CONSORTIUM)22140
650 7. ‡aSirens (Mythology) ‡2fast ‡0(LARL_NWRL_CONSORTIUM)159478
650 7. ‡aSuperheroes ‡2fast ‡0(LARL_NWRL_CONSORTIUM)177502
650 7. ‡aWitches ‡2fast ‡0(LARL_NWRL_CONSORTIUM)38791
650 7. ‡aWomen superheroes ‡2fast
655 7. ‡aAction and adventure comics ‡2fast
655 7. ‡aComic books, strips, etc. ‡2fast
655 7. ‡aGraphic novels ‡2fast
655 7. ‡aSuperhero comics ‡2fast
655 7. ‡aGraphic novels. ‡2lcgft
655 7. ‡aSuperhero comics. ‡2lcgft
655 7. ‡aAction and adventure comics. ‡2lcgft
7001 . ‡aLabat, Yancey C., ‡eartist.
7001 . ‡aKubina, Monica, ‡ecolorist.
7001 . ‡aChiang, Janice, ‡eletterer. ‡0(LARL_NWRL_CONSORTIUM)187802
901 . ‡a365708 ‡b ‡c365708 ‡tbiblio

Additional Resources